Verständnis von Interkultureller Kommunikation in Ära der Globalisierung

Vyžadovanie vynikajúcich komunikačných schopností a zručností pri stretnutiach medzi predstaviteľmi rôznych kultúr sveta, súkromnými aj profesionálnymi, z dôvodu globalizácie. Požiadavky týkajúce sa správneho konania na účastníkov. Nevyhnutnosť medzikultúrnych kompetencií pre dosahovanie úspechu v m...

Ausführliche Beschreibung

Gespeichert in:
Bibliographische Detailangaben
1. Verfasser: Helmová, Milena, 1954-
Weitere Verfasser: Seresová, Katarína, 1967-
Format: Buchkapitel
Sprache:Deutsch
Schlagworte:
Tags: Tag hinzufügen
Keine Tags, Fügen Sie das erste Tag hinzu!

MARC

LEADER 00000naa$a2200000$$$4500
001 0273287
005 20240502074316.0
041 0 |a ger 
044 |a SK 
245 1 0 |a Verständnis von Interkultureller Kommunikation in Ära der Globalisierung  |c Milena Helmová, Katarína Seresová 
520 |a Vyžadovanie vynikajúcich komunikačných schopností a zručností pri stretnutiach medzi predstaviteľmi rôznych kultúr sveta, súkromnými aj profesionálnymi, z dôvodu globalizácie. Požiadavky týkajúce sa správneho konania na účastníkov. Nevyhnutnosť medzikultúrnych kompetencií pre dosahovanie úspechu v medzikultúrnej komunikácii a predchádzanie problémom v komunikácii. Interkultúrna komunikácia a osvojovanie súvisiacich kompetencií pre úspešnú komunikáciu so zahraničnými partnermi. 
610 2 0 |a komunikácia interkultúrna 
610 2 0 |a kompetencie komunikačné 
610 2 0 |a jazyk diplomatický 
610 2 0 |a zručnosti mäkké 
610 2 0 |a globalizácia 
610 2 0 |a komunikácia obchodná 
610 2 0 |a spolupráca medzinárodná 
100 1 |a Helmová, Milena, 1954- 
700 1 |a Seresová, Katarína, 1967-